[Event "Adygea blitz op"]
[Site "Maikop"]
[Date "2019.05.04"]
[Round "11"]
[White "Petrov, Nikita"]
[Black "Pankratov, Oleg"]
[Result "1-0"]
[WhiteElo "2610"]
[BlackElo "2104"]
[PlyCount "66"]
[EventDate "2019.05.04"]
[EventType "swiss (blitz)"]
[EventRounds "11"]
[EventCountry "RUS"]
[SourceTitle "CBM 190 Extra"]
[Source "ChessBase"]
[SourceDate "2019.07.15"]
[SourceVersion "1"]
[SourceVersionDate "2019.07.15"]
[SourceQuality "1"]

1. e4 g6 2. d4 Bg7 3. Nf3 d6 4. Bc4 Nf6 5. Qe2 c6 6. e5 dxe5 7. dxe5 Nd5 8. h3 0-0 9. 0-0 Be6 10. Ng5 Nd7 11. f4 b5 12. Bb3 Nc5 13. Nxe6 fxe6 14. c4 bxc4 15. Bxc4 Qb6 16. Kh2 Bh6 17. g3 Rab8 18. Nc3 Bg7 19. h4 Qb4 20. a3 Qb6 21. Ne4 Nxe4 22. Qxe4 a5 23. b3 Rfd8 24. Qf3 a4 25. Rb1 Qc5 26. Bd2 axb3 27. Bxb3 Qa7 28. a4 Rb7 29. Bc2 Rdb8 30. Rxb7 Rxb7 31. Qg4 Kf7 32. h5 Kg8 33. Qf3 Nc7 1-0

[Event "Adygea rapid op"]
[Site "Maikop"]
[Date "2019.05.02"]
[Round "1"]
[White "Pankratov, Oleg"]
[Black "Shavrin, Boris"]
[Result "1-0"]
[WhiteElo "2104"]
[BlackElo "1791"]
[PlyCount "53"]
[EventDate "2019.05.02"]
[EventType "swiss (rapid)"]
[EventRounds "9"]
[EventCountry "RUS"]
[SourceTitle "CBM 190 Extra"]
[Source "ChessBase"]
[SourceDate "2019.07.15"]
[SourceVersion "1"]
[SourceVersionDate "2019.07.15"]
[SourceQuality "1"]

1. d4 d5 2. Nf3 e6 3. c4 c6 4. Qc2 dxc4 5. Qxc4 b5 6. Qc2 Bb7 7. Nc3 Nd7 8. g3 Rc8 9. Bg2 a6 10. Ng5 Ngf6 11. Bf4 Be7 12. Nge4 0-0 13. 0-0 Qb6 14. Bd6 Qd8 15. Rfd1 Nxe4 16. Nxe4 Nb6 17. Bxe7 Qxe7 18. h4 Nd5 19. Nc5 Rfd8 20. a4 Ra8 21. e4 Nb6 22. a5 Nc4 23. e5 Rd5 24. Bxd5 cxd5 25. b3 Nxe5 26. dxe5 Rc8 27. b4 1-0

[Event "Sochi Amateur op 6th"]
[Site "Sochi"]
[Date "2019.04.10"]
[Round "6"]
[White "Pankratov, Oleg"]
[Black "Potapova, Margarita"]
[Result "1/2-1/2"]
[WhiteElo "2097"]
[BlackElo "2278"]
[PlyCount "47"]
[EventDate "2019.04.07"]
[EventType "swiss"]
[EventRounds "9"]
[EventCountry "RUS"]
[SourceTitle "CBM 189 Extra"]
[Source "ChessBase"]
[SourceDate "2019.05.31"]
[SourceVersion "1"]
[SourceVersionDate "2019.05.31"]
[SourceQuality "1"]

1. Nf3 Nf6 2. g3 d5 3. Bg2 c5 4. d3 Nc6 5. Nbd2 g6 6. e4 Bg7 7. 0-0 0-0 8. exd5 Nxd5 9. Re1 b6 10. Nc4 Bb7 11. a4 e6 12. c3 Qc7 13. a5 b5 14. a6 Bc8 15. Ne3 Nde7 16. Nc2 Qb6 17. d4 Nd5 18. dxc5 Qxc5 19. Ne3 Nce7 20. Qb3 Rb8 21. Nxd5 Nxd5 22. Nd4 Rb6 23. Bxd5 exd5 24. Be3 1/2-1/2

[Event "Sochi ChessAmateur op10"]
[Site "Sochi"]
[Date "2018.10.15"]
[Round "6"]
[White "Makarenko, Alexandra"]
[Black "Pankratov, Oleg"]
[Result "1-0"]
[WhiteElo "2233"]
[BlackElo "2067"]
[PlyCount "79"]
[EventDate "2018.10.12"]
[EventType "swiss"]
[EventRounds "9"]
[EventCountry "RUS"]
[SourceTitle "CBM 187 Extra"]
[Source "ChessBase"]
[SourceDate "2018.11.04"]
[SourceVersion "1"]
[SourceVersionDate "2018.11.04"]
[SourceQuality "1"]

1. e4 g6 2. d4 Bg7 3. Nc3 d6 4. f4 c6 5. Nf3 Bg4 6. Be3 Qb6 7. Qd2 Bxf3 8. gxf3 Nd7 9. 0-0-0 Qa5 10. Kb1 b5 11. Ne2 Qxd2 12. Rxd2 e6 13. Ng3 d5 14. exd5 exd5 15. f5 0-0-0 16. Bd3 Re8 17. Re2 Bh6 18. Bxh6 Nxh6 19. Rhe1 Rxe2 20. Rxe2 Kd8 21. c3 Nf6 22. Kc2 g5 23. Kb3 Re8 24. Rxe8+ Nxe8 25. Kb4 Kc7 26. a4 bxa4 27. Kxa4 Ng8 28. Kb4 Ngf6 29. c4 h5 30. cxd5 cxd5 31. Kc5 Nd6 32. Ne2 Nb7+ 33. Kb5 h4 34. Nc3 Nd8 35. b4 Nc6 36. Ne2 Kd6 37. Ka4 g4 38. fxg4 Nxg4 39. b5 Nb8 40. Nf4 1-0

[Event "Sochi ChessAmateur op10"]
[Site "Sochi"]
[Date "2018.10.14"]
[Round "4"]
[White "Sukhareva, Valentina"]
[Black "Pankratov, Oleg"]
[Result "0-1"]
[WhiteElo "1817"]
[BlackElo "2067"]
[PlyCount "98"]
[EventDate "2018.10.12"]
[EventType "swiss"]
[EventRounds "9"]
[EventCountry "RUS"]
[SourceTitle "CBM 187 Extra"]
[Source "ChessBase"]
[SourceDate "2018.11.04"]
[SourceVersion "1"]
[SourceVersionDate "2018.11.04"]
[SourceQuality "1"]

1. d4 Nf6 2. b4 g6 3. Bb2 Bg7 4. c4 0-0 5. g3 d6 6. Bg2 e5 7. dxe5 Ng4 8. Nh3 Nc6 9. 0-0 Ngxe5 10. Bc3 Nxc4 11. Bxg7 Kxg7 12. b5 Qf6 13. bxc6 Bxh3 14. Bxh3 Qxa1 15. cxb7 Rab8 16. Bg2 Qe5 17. Qa4 Na5 18. Qb4 c6 19. Qa3 Rxb7 20. Nd2 Rb5 21. Nf3 Qb2 22. Qxd6 Rd5 23. Qe7 Qb8 24. h4 Re8 25. Qa3 Rxe2 26. Qc3+ Kg8 27. Ng5 Qe5 28. Qf3 f5 29. Qa3 Rb5 30. Qd3 h6 31. Nf3 Qe4 32. Qd6 Qe6 33. Qd8+ Qe8 34. Qf6 Re6 35. Qd4 Qe7 36. Qf4 Kh7 37. Nd4 Rb4 38. Nxe6 Rxf4 39. Nxf4 g5 40. hxg5 hxg5 41. Nh3 c5 42. Rb1 c4 43. Rc1 Kg6 44. Bd5 c3 45. Kg2 Qd6 46. Bf3 Qa3 47. Rc2 Kf6 48. Be2 Nc6 49. Bc4 Nd4 0-1

[Event "Sochi ChessAmateur op10"]
[Site "Sochi"]
[Date "2018.10.13"]
[Round "3"]
[White "Pankratov, Oleg"]
[Black "Botoyan, Smbat"]
[Result "0-1"]
[WhiteElo "2067"]
[BlackElo "2242"]
[PlyCount "92"]
[EventDate "2018.10.12"]
[EventType "swiss"]
[EventRounds "9"]
[EventCountry "RUS"]
[SourceTitle "CBM 187 Extra"]
[Source "ChessBase"]
[SourceDate "2018.11.04"]
[SourceVersion "1"]
[SourceVersionDate "2018.11.04"]
[SourceQuality "1"]

1. d4 d5 2. Nf3 c5 3. e3 cxd4 4. exd4 Nc6 5. h3 Nf6 6. Bd3 Nb4 7. Be2 Bf5 8. Na3 e6 9. c3 Nc6 10. Nc2 Bd6 11. 0-0 Qc7 12. Ne3 Bg6 13. b3 0-0 14. c4 dxc4 15. bxc4 Ne4 16. Bb2 Rfd8 17. Qa4 Bf4 18. Qa3 Bh5 19. Rfd1 Rac8 20. Nf1 Na5 21. c5 b6 22. g3 Ng5 23. gxf4 Nxh3+ 24. Kh1 Nxf2+ 25. Kg2 Nxd1 26. Rxd1 Qxf4 27. Bc1 Qc7 28. Ba6 Rb8 29. Ng3 Bxf3+ 30. Qxf3 bxc5 31. d5 c4 32. Nh5 Rxd5 33. Rxd5 exd5 34. Qg4 Qe5 35. Ng3 Qe6 36. Nf5 Qe4+ 37. Kg3 Qxg4+ 38. Kxg4 h5+ 39. Kh4 Nc6 40. a4 Nb4 41. Bb5 a6 42. Bf4 Rb7 43. Be8 c3 44. Nd6 Re7 45. a5 c2 46. Ba4 Re1 0-1